Top 10 Dog Breeds with the Best Sense of Smell - Statistics

General Stats
  • This quiz has been taken 70 times
  • The average score is 4 of 10
Answer Stats
Top Hint Answer % Correct
#9 One of America’s most loved dogs and number 3 on the AKC list of most popular dog breeds. Golden Retriever
80%
#1 it has 300 million scent receptors Bloodhound
77%
#3 Bred originally to hunt rabbits Beagle
71%
#5 America’s favorite dog breed Labrador Retriever
63%
#2 Just 14 inches at the shoulder, has large ears that carry scents up from the ground Basset Hound
57%
#4 225 million scent receptors German Shepherd
57%
#7 Was developed from the English coonhound, and is used to trail and tree raccoons Bluetick Coonhound
11%
#6 A lighter framed, agile dog Belgian Malinois
6%
#8 Works by moonlight, trailing his quarry and bawling to help hunters locate the dog in the darkness Black and Tan Coonhound
6%
#10 it has 125 million smell receptors Dachsund
0%
No matching quizzes found
Score Distribution
Percent of People with Each Score
Percentile by Number Answered
Your Score History
You have not taken this quiz